[Event "120th Taflfelag Reykjavik-B 2020"]
[Site "Reykjavik"]
[Date "2020.09.14"]
[Round "1.6"]
[White "Jonsson, Gauti Pall"]
[Black "Gudmundsson, Gunnar Erik"]
[Result "1/2-1/2"]
[WhiteElo "2046"]
[BlackElo "1801"]
[Annotator "ChessBase"]
[PlyCount "137"]
[EventDate "2020.09.13"]
[EventType "tourn"]
[EventCountry "ISL"]
[SourceTitle "playchess.com"]
[Source "ChessBase"]
[SourceQuality "1"]
[TimeControl "40/5400+15:1800+30"]

1. e4 {[%emt 0:00:00]} c5 {[%emt 0:00:00]} 2. Nf3 {[%emt 0:00:03]} Nc6 {[%emt 0:00:08]} 3. d4 {[%emt 0:00:38]} cxd4 {[%emt 0:00:06]} 4. Nxd4 {[%emt 0:00:00]} Nf6 {[%emt 0:00:38]} 5. Nc3 {[%emt 0:00:52]} e5 {[%emt 0:00:59]} 6. Ndb5 {[%emt 0:00:34]} d6 {[%emt 0:00:19]} 7. Bg5 {[%emt 0:01:17]} a6 {[%emt 0:00:27]} 8. Na3 {[%emt 0:00:03]} b5 {[%emt 0:00:30]} 9. Bxf6 {[%emt 0:01:21]} gxf6 {[%emt 0:00:08]} 10. Nd5 {[%emt 0:01:18]} f5 {[%emt 0:02:30]} 11. Bd3 {[%emt 0:02:18]} Be6 {[%emt 0:00:43]} 12. O-O {[%emt 0:01:41]} Bxd5 {[%emt 0:02:45]} 13. exd5 {[%emt 0:00:00]} Ne7 {[%emt 0:00:00]} 14. c3 {[%emt 0:02:45]} Bg7 {[%emt 0:01:32]} 15. Qh5 {[%emt 0:03:37]} e4 {[%emt 0:03:13]} 16. Bc2 {[%emt 0:02:31]} Qd7 {[%emt 0:02:29]} 17. Rae1 {[%emt 0:10:55]} O-O {[%emt 0:04:29]} 18. g4 {[%emt 0:14:19]} fxg4 {[%emt 0:09:44]} 19. Rxe4 {[%emt 0:03:17]} f5 {[%emt 0:05:24]} 20. Rxg4 {[%emt 0:04:32]} Ng6 {[%emt 0:12:29]} 21. Rg5 {[%emt 0:06:18]} Nf4 {[%emt 0:09:36]} 22. Qf3 {[%emt 0:02:11]} Ng6 {[%emt 0:06:47]} 23. Kh1 {[%emt 0:19:01]} Rf6 {[%emt 0:07:41]} 24. Rfg1 {[%emt 0:00:54]} Raf8 {[%emt 0:00:33]} 25. h4 {[%emt 0:03:43]} Kh8 {[%emt 0:00:57]} 26. h5 {[%emt 0:01:30]} Ne5 {[%emt 0:00:26]} 27. Qg2 {[%emt 0:02:06]} R8f7 {[%emt 0:02:55]} 28. f3 {[%emt 0:02:32]} f4 {[%emt 0:03:55]} 29. Re1 {[%emt 0:05:32]} h6 {[%emt 0:02:13]} 30. Rgxe5 {[%emt 0:00:00]} dxe5 {[%emt 0:00:00]} 31. Rxe5 {[%emt 0:00:03]} Re7 {[%emt 0:01:05]} 32. Rxe7 {[%emt 0:00:23]} Qxe7 {[%emt 0:00:00]} 33. Be4 {[%emt 0:00:00]} Qd7 {[%emt 0:09:18]} 34. Nc2 {[%emt 0:00:03]} Rd6 {[%emt 0:00:19]} 35. Nb4 {[%emt 0:00:11]} a5 {[%emt 0:00:25]} 36. Nd3 {[%emt 0:00:32]} Qf7 {[%emt 0:02:41]} 37. Qg4 {[%emt 0:00:12]} Rf6 {[%emt 0:00:46]} 38. Ne5 {[%emt 0:00:11]} Qc7 {[%emt 0:00:25]} 39. Ng6+ {[%emt 0:01:01]} Kg8 {[%emt 0:00:09]} 40. Bf5 {[%emt 0:00:00]} b4 {[%emt 0:00:00]} 41. Nxf4 {[%emt 0:20:30]} Qe5 {[%emt 0:19:59]} 42. Be6+ {[%emt 0:01:26]} Kh7 {[%emt 0:00:54]} 43. Nd3 {[%emt 0:03:15]} Qe2 {[%emt 0:03:00]} 44. Bf5+ {[%emt 0:02:08]} Kg8 {[%emt 0:01:02]} 45. Qe4 {[%emt 0:01:24]} Qd1+ {[%emt 0:02:19]} 46. Kg2 {[%emt 0:01:06]} Qd2+ {[%emt 0:01:12]} 47. Kh3 {[%emt 0:01:33]} Qd1 {[%emt 0:03:07]} 48. Nf4 {[%emt 0:02:06]} Qh1+ {[%emt 0:03:14]} 49. Kg3 {[%emt 0:00:59]} Qg1+ {[%emt 0:00:36]} 50. Ng2 {[%emt 0:01:22]} Qh1 {[%emt 0:00:36]} 51. Qe8+ {[%emt 0:01:02]} Rf8 {[%emt 0:00:47]} 52. Qe6+ {[%emt 0:00:45]} Kh8 {[%emt 0:00:30]} 53. Be4 {[%emt 0:00:30]} Qxh5 {[%emt 0:00:30]} 54. Nh4 {[%emt 0:00:30]} Be5+ {[%emt 0:00:30]} 55. Kh3 {[%emt 0:00:30]} Bf6 {[%emt 0:00:30]} 56. Qg4 {[%emt 0:00:30]} Qxg4+ {[%emt 0:00:30]} 57. Kxg4 {[%emt 0:00:30]} Bxh4 {[%emt 0:00:30]} 58. Kxh4 {[%emt 0:00:30]} Kg7 {[%emt 0:00:30]} 59. c4 {[%emt 0:00:30]} Rc8 {[%emt 0:00:30]} 60. b3 {[%emt 0:00:30]} Kf6 {[%emt 0:00:30]} 61. Kh5 {[%emt 0:00:30]} a4 {[%emt 0:00:30]} 62. d6 {[%emt 0:00:30]} Ke6 {[%emt 0:00:30]} 63. d7 {[%emt 0:00:30]} Rd8 {[%emt 0:00:30]} 64. Bc6 {[%emt 0:00:30]} axb3 {[%emt 0:00:30]} 65. axb3 {[%emt 0:00:30]} Kd6 {[%emt 0:00:30]} 66. Bb5 {[%emt 0:00:30]} Kc7 {[%emt 0:00:30]} 67. Kxh6 {[%emt 0:00:30]} Rf8 {[%emt 0:00:30]} 68. Kg7 {[%emt 0:00:30]} Rxf3 {[%emt 0:00:30]} 69. Ba4 {[%emt 0:00:30]} 1/2-1/2

[Event "120th Taflfelag Reykjavik-B 2020"]
[Site "Reykjavik"]
[Date "2020.09.14"]
[Round "1.7"]
[White "Olafsson, Thorvardur"]
[Black "Heidarsson, Arnar Milutin"]
[Result "1-0"]
[WhiteElo "2111"]
[BlackElo "1965"]
[Annotator "ChessBase"]
[PlyCount "52"]
[EventDate "2020.09.13"]
[EventType "tourn"]
[EventCountry "ISL"]
[SourceTitle "playchess.com"]
[Source "ChessBase"]
[SourceQuality "1"]
[TimeControl "40/5400+15:1800+30"]

1. e4 {[%emt 0:00:00]} e6 {[%emt 0:00:00]} 2. d4 {[%emt 0:00:00]} d5 {[%emt 0:00:00]} 3. Nd2 {[%emt 0:00:00]} c5 {[%emt 0:00:00]} 4. exd5 {[%emt 0:00:00]} Qxd5 {[%emt 0:00:03]} 5. Ngf3 {[%emt 0:00:00]} Nc6 {[%emt 0:00:54]} 6. Bc4 {[%emt 0:02:30]} Qd8 {[%emt 0:04:38]} 7. dxc5 {[%emt 0:02:24]} Bxc5 {[%emt 0:00:16]} 8. Ne4 {[%emt 0:05:18]} Qxd1+ {[%emt 0:00:56]} 9. Kxd1 {[%emt 0:00:00]} Be7 {[%emt 0:01:02]} 10. Bg5 {[%emt 0:05:54]} a6 {[%emt 0:06:48]} 11. Bxe7 {[%emt 0:06:01]} Kxe7 {[%emt 0:02:44]} 12. c3 {[%emt 0:00:19]} Nf6 {[%emt 0:06:53]} 13. Nxf6 {[%emt 0:04:46]} Kxf6 {[%emt 0:02:29]} 14. Kc2 {[%emt 0:01:52]} b5 {[%emt 0:00:23]} 15. Be2 {[%emt 0:00:50]} Bb7 {[%emt 0:00:30]} 16. Rhd1 {[%emt 0:05:03]} Rhd8 {[%emt 0:00:57]} 17. g3 {[%emt 0:02:41]} Rxd1 {[%emt 0:04:07]} 18. Rxd1 {[%emt 0:00:31]} Rd8 {[%emt 0:00:00]} 19. Rxd8 {[%emt 0:01:38]} Nxd8 {[%emt 0:00:00]} 20. Nd4 {[%emt 0:00:52]} e5 {[%emt 0:02:53]} 21. Nb3 {[%emt 0:01:45]} Ke6 {[%emt 0:02:44]} 22. Nc5+ {[%emt 0:04:37]} Kd6 {[%emt 0:01:44]} 23. b4 {[%emt 0:02:31]} f5 {[%emt 0:03:38]} 24. a4 {[%emt 0:10:02]} Bc6 {[%emt 0:03:19]} 25. a5 {[%emt 0:01:46]} Bb7 {[%emt 0:03:59]} 26. Bxb5 {[%emt 0:01:06]} axb5 {[%emt 0:02:44]} 1-0

[Event "120th Taflfelag Reykjavik-B 2020"]
[Site "Reykjavik"]
[Date "2020.09.14"]
[Round "1.8"]
[White "Johannsson, Birkir Isak"]
[Black "Ptacnikova, Lenka"]
[Result "0-1"]
[WhiteElo "2146"]
[BlackElo "2117"]
[Annotator "ChessBase"]
[PlyCount "120"]
[EventDate "2020.09.13"]
[EventType "tourn"]
[EventCountry "ISL"]
[SourceTitle "playchess.com"]
[Source "ChessBase"]
[SourceQuality "1"]
[TimeControl "40/5400+15:1800+30"]

1. c4 {[%emt 0:00:00]} e5 {[%emt 0:00:11]} 2. Nc3 {[%emt 0:00:00]} c5 {[%emt 0:04:14]} 3. Nf3 {[%emt 0:00:54]} Nc6 {[%emt 0:00:08]} 4. g3 {[%emt 0:00:00]} g6 {[%emt 0:01:21]} 5. Bg2 {[%emt 0:00:00]} Bg7 {[%emt 0:00:00]} 6. a3 {[%emt 0:02:03]} Nge7 {[%emt 0:00:20]} 7. O-O {[%emt 0:03:38]} O-O {[%emt 0:00:00]} 8. Rb1 {[%emt 0:05:11]} a5 {[%emt 0:01:10]} 9. Ne1 {[%emt 0:02:25]} d6 {[%emt 0:01:05]} 10. Nc2 {[%emt 0:00:00]} Be6 {[%emt 0:04:46]} 11. Ne3 {[%emt 0:00:26]} f5 {[%emt 0:00:26]} 12. d3 {[%emt 1:18:23]} Rb8 {[%emt 0:04:43]} 13. Bd2 {[%emt 0:00:00]} f4 {[%emt 0:03:15]} 14. Ned5 {[%emt 0:00:00]} g5 {[%emt 0:00:17]} 15. b4 {[%emt 0:00:00]} axb4 {[%emt 0:00:57]} 16. axb4 {[%emt 0:00:00]} Nd4 {[%emt 0:06:29]} 17. e3 {[%emt 0:00:00]} f3 {[%emt 0:06:04]} 18. Bh1 {[%emt 0:00:00]} Nxd5 {[%emt 0:24:00]} 19. cxd5 {[%emt 0:00:00]} Bh3 {[%emt 0:08:44]} 20. Re1 {[%emt 0:00:00]} Nf5 {[%emt 0:01:01]} 21. Bxf3 {[%emt 0:00:00]} cxb4 {[%emt 0:05:28]} 22. Rxb4 {[%emt 0:00:00]} Nh6 {[%emt 0:03:17]} 23. Ne4 {[%emt 0:00:00]} Bf5 {[%emt 0:01:25]} 24. Qe2 {[%emt 0:00:00]} g4 {[%emt 0:02:47]} 25. Bg2 {[%emt 0:00:00]} Nf7 {[%emt 0:00:00]} 26. Reb1 {[%emt 0:00:00]} b6 {[%emt 0:01:14]} 27. Be1 {[%emt 0:00:00]} h5 {[%emt 0:01:32]} 28. Qb2 {[%emt 0:00:00]} Qc7 {[%emt 0:00:17]} 29. Rxb6 {[%emt 0:00:00]} Rxb6 {[%emt 0:00:30]} 30. Qxb6 {[%emt 0:00:00]} Qc2 {[%emt 0:00:00]} 31. Qb3 {[%emt 0:00:00]} Qe2 {[%emt 0:00:11]} 32. Qd1 {[%emt 0:00:00]} Qa2 {[%emt 0:00:01]} 33. Rb6 {[%emt 0:00:00]} Bxe4 {[%emt 0:01:23]} 34. dxe4 {[%emt 0:00:00]} Rc8 {[%emt 0:00:23]} 35. Qb1 {[%emt 0:00:00]} Qxb1 {[%emt 0:00:40]} 36. Rxb1 {[%emt 0:00:00]} Ng5 {[%emt 0:00:00]} 37. f4 {[%emt 0:00:00]} gxf3 {[%emt 0:00:00]} 38. Bh1 {[%emt 0:00:00]} Rc2 {[%emt 0:00:00]} 39. h4 {[%emt 0:03:07]} f2+ {[%emt 0:00:56]} 40. Kf1 {[%emt 0:00:00]} fxe1=Q+ {[%emt 0:00:00]} 41. Kxe1 {[%emt 0:17:02]} Rh2 {[%emt 0:22:39]} 42. Rb8+ {[%emt 0:01:29]} Bf8 {[%emt 0:00:12]} 43. hxg5 {[%emt 0:00:06]} Rxh1+ {[%emt 0:00:04]} 44. Kf2 {[%emt 0:00:09]} Rh2+ {[%emt 0:00:58]} 45. Kf3 {[%emt 0:00:06]} Ra2 {[%emt 0:00:20]} 46. Re8 {[%emt 0:00:43]} Ra7 {[%emt 0:00:33]} 47. g6 {[%emt 0:03:14]} Kg7 {[%emt 0:07:01]} 48. Re6 {[%emt 0:00:11]} Be7 {[%emt 0:05:31]} 49. Kf2 {[%emt 0:00:28]} Rd7 {[%emt 0:00:36]} 50. Kf3 {[%emt 0:00:31]} Bf6 {[%emt 0:00:08]} 51. Kg2 {[%emt 0:00:05]} Kxg6 {[%emt 0:00:14]} 52. Kf3 {[%emt 0:00:04]} Kg5 {[%emt 0:01:36]} 53. Kg2 {[%emt 0:00:08]} Bd8 {[%emt 0:00:34]} 54. Kf3 {[%emt 0:00:07]} Bb6 {[%emt 0:00:22]} 55. Re8 {[%emt 0:00:24]} Rd8 {[%emt 0:00:59]} 56. Re7 {[%emt 0:00:05]} Rf8+ {[%emt 0:00:55]} 57. Ke2 {[%emt 0:00:11]} Ra8 {[%emt 0:00:40]} 58. Rg7+ {[%emt 0:00:12]} Kf6 {[%emt 0:00:33]} 59. Rb7 {[%emt 0:00:03]} Bc5 {[%emt 0:00:08]} 60. Rb3 {[%emt 0:00:04]} Kg5 {[%emt 0:00:30]} 0-1

[Event "120th Taflfelag Reykjavik-B 2020"]
[Site "Reykjavik"]
[Date "2020.09.14"]
[Round "1.10"]
[White "Mai, Alexander Oliver"]
[Black "Hardarson, Petur Palmi"]
[Result "1/2-1/2"]
[WhiteElo "2055"]
[BlackElo "2061"]
[Annotator "ChessBase"]
[PlyCount "72"]
[EventDate "2020.09.13"]
[EventType "tourn"]
[EventCountry "ISL"]
[SourceTitle "playchess.com"]
[Source "ChessBase"]
[SourceQuality "1"]
[TimeControl "40/5400+15:1800+30"]

1. e4 {[%emt 0:00:00]} c5 {[%emt 0:00:00]} 2. Nf3 {[%emt 0:00:00]} Nc6 {[%emt 0:00:00]} 3. Bb5 {[%emt 0:00:00]} g6 {[%emt 0:00:31]} 4. Bxc6 {[%emt 0:00:00]} dxc6 {[%emt 0:00:13]} 5. d3 {[%emt 0:00:00]} Bg7 {[%emt 0:00:20]} 6. h3 {[%emt 0:00:00]} Qc7 {[%emt 0:05:55]} 7. O-O {[%emt 0:05:45]} e5 {[%emt 0:01:26]} 8. a3 {[%emt 0:04:41]} a5 {[%emt 0:09:14]} 9. Nbd2 {[%emt 0:06:42]} Ne7 {[%emt 0:03:03]} 10. Rb1 {[%emt 0:02:44]} O-O {[%emt 0:05:29]} 11. b4 {[%emt 0:05:04]} axb4 {[%emt 0:07:21]} 12. axb4 {[%emt 0:00:21]} cxb4 {[%emt 0:00:14]} 13. Rxb4 {[%emt 0:00:13]} Be6 {[%emt 0:02:05]} 14. Rb2 {[%emt 0:21:50]} Rfd8 {[%emt 0:04:16]} 15. Qe2 {[%emt 0:01:45]} f6 {[%emt 0:07:05]} 16. Nb3 {[%emt 0:03:58]} b6 {[%emt 0:03:41]} 17. Be3 {[%emt 0:01:43]} c5 {[%emt 0:00:52]} 18. Nfd2 {[%emt 0:06:36]} Nc6 {[%emt 0:10:34]} 19. c3 {[%emt 0:01:12]} f5 {[%emt 0:10:41]} 20. f3 {[%emt 0:00:26]} f4 {[%emt 0:01:43]} 21. Bf2 {[%emt 0:00:02]} g5 {[%emt 0:01:21]} 22. Rfb1 {[%emt 0:03:14]} Rd6 {[%emt 0:02:12]} 23. Nc4 {[%emt 0:05:24]} Bxc4 {[%emt 0:00:37]} 24. dxc4 {[%emt 0:00:00]} Rad8 {[%emt 0:00:53]} 25. Rd2 {[%emt 0:03:27]} R8d7 {[%emt 0:02:02]} 26. Rbd1 {[%emt 0:00:53]} Qd8 {[%emt 0:00:16]} 27. Rd5 {[%emt 0:01:43]} Ne7 {[%emt 0:00:48]} 28. Rxd6 {[%emt 0:00:55]} Rxd6 {[%emt 0:00:00]} 29. Rxd6 {[%emt 0:01:05]} Qxd6 {[%emt 0:00:00]} 30. Qd2 {[%emt 0:09:35]} Qxd2 {[%emt 0:00:00]} 31. Nxd2 {[%emt 0:00:00]} Kf7 {[%emt 0:00:03]} 32. Kf1 {[%emt 0:00:09]} Ke6 {[%emt 0:01:45]} 33. Ke2 {[%emt 0:00:02]} Kd6 {[%emt 0:00:26]} 34. Kd3 {[%emt 0:01:25]} Kc6 {[%emt 0:01:12]} 35. Nb1 {[%emt 0:00:41]} Nc8 {[%emt 0:00:17]} 36. Na3 {[%emt 0:00:06]} Nd6 {[%emt 0:00:06]} 1/2-1/2

[Event "120th Taflfelag Reykjavik-B 2020"]
[Site "Reykjavik"]
[Date "2020.09.17"]
[Round "2.6"]
[White "Gudmundsson, Gunnar Erik"]
[Black "Hardarson, Petur Palmi"]
[Result "0-1"]
[WhiteElo "1801"]
[BlackElo "2061"]
[Annotator "TA"]
[PlyCount "118"]
[EventDate "2020.09.13"]
[EventType "tourn"]
[EventCountry "ISL"]
[SourceTitle "playchess.com"]
[Source "ChessBase"]
[SourceQuality "1"]

{[%evp 18,118,24,14,9,12,4,-10,-2,-20,-8,-44,-29,-26,-39,-28,-36,-90,-95,-88,-93,-127,-80,-147,-160,-134,-35,-35,-25,-32,-48,-50,-29,-42,0,0,0,-113,0,-76,0,-115,-117,-114,-109,-129,-63,-125,-121,-103,-82,-117,-112,-143,-160,-160,-115,-295,-157,-327,-311,-295,-309,-317,-329,-457,-441,-866,-837,-1483,-1473,-1475,-1514,-1502,-1437,-1486,-1475,-1454,-1400,-1503,-1302,-2144,-2006,-1663,-1647,-29974,-29973,-29975,-29976,-29960,-29954,-29978,-5197,-29985,-29986,-29986,-29987,-29987,-29988,-29988,-29988,-29988,-29989]} 1. d4 Nf6 2. c4 g6 3. Nc3 Bg7 4. e4 d6 5. Nf3 O-O 6. Be2 e5 7. d5 a5 8. O-O Na6 9. Bg5 h6 10. Bh4 g5 {E92: King's Indian: Classical: 6 Be2 e5: 7 dxe5, 7 Be3 and Petrosian System without 7...Nbd7.} 11. Bg3 Nh5 12. Ne1 Nf4 {The position is equal.} 13. Nd3 {[#]} b6 $146 ({Predecessor:} 13... f5 14. exf5 Bxf5 15. f3 Qe8 16. Nf2 {½-½ (16) Lengyel,L-Nikolic,V Vrnjacka Banja 1976}) 14. Rc1 f5 15. Bxf4 exf4 16. exf5 Bxf5 17. g4 (17. Nb5 $15) 17... fxg3 18. hxg3 Qd7 19. Bf3 Rf7 20. Bg2 ({Better is} 20. Bh5) 20... Nb4 $17 21. Ne1 Bxc3 (21... Re8 $17 22. a3 Na6) 22. Rxc3 $15 Nxa2 23. Ra3 Nb4 24. Nf3 $1 Bg4 25. Qd2 $1 Na6 26. Nd4 $1 Re8 $36 {[%mdl 2048] Black has some pressure.} 27. Re3 (27. Ne6 $1 $11 {remains equal.}) 27... Nc5 {[#]} ({Black should play} 27... Rxe3 $17 28. Qxe3 Nc5) 28. Rfe1 (28. Ne6 $1 $11 {[%mdl 512]}) 28... Rfe7 {[#]} (28... Rxe3 $17 29. Qxe3 Qd8) 29. f3 (29. Ne6 $1 $11 {[%mdl 512]}) 29... Rxe3 30. Rxe3 Bh5 31. Qe2 Kh8 (31... Kf7 $17 32. b3 Rxe3 33. Qxe3 Qe7) 32. Kh2 (32. Ne6 $15) 32... Rxe3 $17 33. Qxe3 Qe8 34. Qd2 Qe5 35. Nc6 Qf6 36. Nd4 Bg6 37. Kg1 $2 (37. Nb5 $17) 37... Bd3 (37... Nd3 $19 38. Qc3 Qe5) 38. Qc3 $2 {Loses the game.} (38. Nb5 $17) 38... Qe5 39. Kf2 Kg8 40. Bh3 h5 41. Be6+ Kf8 {...h4 is the strong threat.} 42. Bf5 (42. Bh3 $142 h4 43. Ne6+ Nxe6 44. Qxe5 dxe5 45. Bxe6) 42... Bxf5 $19 43. Nxf5 Qxc3 44. bxc3 {[%mdl 4096] Endgame KN-KN} a4 {[%cal Ba5a4,Ba4a3,Ba3a2][%mdl 32]} 45. Nd4 a3 46. Nc2 a2 47. Na1 Kg7 48. Ke3 Kf6 49. f4 gxf4+ 50. Kxf4 Kg6 51. g4 h4 52. g5 h3 53. Kg3 Kxg5 54. Kxh3 Kf4 55. Kg2 Ke3 {Black mates.} 56. Kf1 Kd2 57. Kf2 Kxc3 58. Ke3 Kb2 59. Kd2 Nb3+ {[%mdl 64] Double Attack. Accuracy: White = 44%, Black = 73%.} 0-1

[Event "120th Taflfelag Reykjavik-B 2020"]
[Site "Reykjavik"]
[Date "2020.09.16"]
[Round "2.6"]
[White "Gudmundsson, Gunnar Erik"]
[Black "Hardarson, Petur Palmi"]
[Result "1/2-1/2"]
[WhiteElo "1801"]
[BlackElo "2061"]
[Annotator "TA"]
[PlyCount "137"]
[EventDate "2020.09.13"]
[EventType "tourn"]
[EventCountry "ISL"]
[SourceTitle "playchess.com"]
[Source "ChessBase"]
[SourceQuality "1"]

{[%evp 28,137,51,41,45,29,60,68,91,8,21,16,20,27,102,100,182,183,189,108,132,89,108,-56,-39,-87,-93,-77,12,18,31,-82,-64,-189,-195,-382,-18,-9,-18,-32,15,17,44,34,45,47,103,107,184,183,266,89,89,84,83,39,50,27,56,72,81,17,91,85,102,112,130,52,54,14,133,131,112,118,461,445,508,497,437,0,0,0,0,-162,-106,-162,-142,-98,-118,-92,-13,-11,0,-113,-104,-148,-103,-103,-110,-162,-162,-351,0,0,0,-166,0,-165,0,-27,-27,-27]} 1. e4 c5 2. Nf3 Nc6 3. d4 cxd4 4. Nxd4 Nf6 5. Nc3 e5 6. Ndb5 d6 7. Bg5 a6 8. Na3 b5 9. Bxf6 gxf6 10. Nd5 f5 11. Bd3 Be6 12. O-O Bxd5 13. exd5 Ne7 14. c3 {The old main line.} Bg7 15. Qh5 e4 {B33: Sicilian: Pelikan and Sveshnikov Variations.} 16. Bc2 Qd7 17. Rae1 O-O {White is slightly better.} 18. g4 ({White should play} 18. f3 $1 $16) 18... fxg4 19. Rxe4 {[#]} f5 $146 {[#]} ({Predecessor:} 19... Ng6 20. Rxg4 Rfe8 21. f4 Qa7+ 22. Kh1 Rac8 23. f5 Re5 24. Qh3 Re3 25. Qg2 Rce8 26. fxg6 fxg6 {1-0 (38) Ciesielski,J (2130)-Obierak,W (2145) Poland 1995}) 20. Rxg4 $1 {[%mdl 512]} Ng6 (20... Rf6 $11 21. Rg3 Rg6) (20... fxg4 21. Bxh7+) 21. Rg5 $16 {[%cal Rc2f5]} Nf4 (21... Ne7 $16) 22. Qf3 $1 $18 {[%cal Rf3f4]} Ng6 23. Kh1 (23. Rxf5 $6 Nh4 $16) (23. Bxf5 $18 Nh4 24. Bxh7+ {[%mdl 64] Decoy} (24. Bxd7 $2 Nxf3+ 25. Kg2 Nxg5 $19) (24. Be6+ Qxe6 25. Rxg7+ {[%mdl 64] Remove Defender} Kxg7 $16) 24... Kxh7 25. Qh5+ {[%mdl 64] Double Attack} Bh6 26. Qxh4) 23... Rf6 24. Rfg1 Raf8 25. h4 $2 (25. Bd1 $16) 25... Kh8 $1 $15 {[%mdl 1024] Black has compensation.} 26. h5 Ne5 27. Qg2 {[%cal Rg5g7]} R8f7 (27... Qf7 $17) 28. f3 $36 {[%mdl 2048] White is more active.} f4 29. Re1 (29. Be4 $14 {stays ahead.}) 29... h6 30. Rgxe5 (30. Rg6 $15) 30... dxe5 $19 31. Rxe5 $2 (31. Nb1) 31... Re7 $2 (31... Rd6 $19 32. Re2 Rxd5) 32. Rxe7 $11 Qxe7 33. Be4 Qd7 34. Nc2 Rd6 35. Nb4 a5 36. Nd3 Qf7 ({Black should try} 36... Rxd5 $14 37. Bxd5 Qxd5 {[%mdl 64] Double Attack}) 37. Qg4 $16 Rf6 (37... Qd7 $16 {might work better.}) 38. Ne5 $18 Qc7 (38... Qe8 $142 39. Ng6+ Kg8) 39. Ng6+ $2 (39. Nd7 $1 $18 {is the precise move to win.}) 39... Kg8 $16 40. Bf5 {And now Be6+ would win.} b4 41. Nxf4 {Hoping for Ng6.} Qe5 $1 42. Be6+ Kh7 43. Nd3 Qe2 44. Bf5+ (44. Qe4+ $16 Qxe4 45. fxe4) 44... Kg8 (44... Kh8 $11 {keeps the balance.}) 45. Qe4 Qd1+ 46. Kg2 $1 Qd2+ 47. Kh3 (47. Kg3 $1 $16) 47... Qd1 $14 48. Nf4 Qh1+ (48... Bf8 $11) 49. Kg3 $16 Qg1+ 50. Ng2 Qh1 $2 {[%mdl 8192]} (50... Qd1 $16 {is tougher.}) 51. Qe8+ $18 Rf8 52. Qe6+ Kh8 53. Be4 $2 (53. Qg6 $18 {[%csl Gf5][%cal Rg6h7]} Be5+ 54. Kf2 Bg3+ 55. Qxg3 (55. Kxg3 Rg8 $17) 55... Rxf5 56. Nh4) 53... Qxh5 $11 54. Nh4 Be5+ 55. Kh3 $2 (55. Kg2 $11 Qg5+ 56. Kf1 Qc1+ {[%mdl 64] Double Attack} 57. Ke2 Qxb2+ {[%mdl 64] Double Attack} 58. Kf1 Qc1+ 59. Ke2) 55... Bf6 $1 $19 56. Qg4 Qxg4+ 57. Kxg4 {Threatens to win with Ng6+.} Bxh4 $1 58. Kxh4 {[%mdl 4096] Endgame KR-KB} Kg7 (58... bxc3 $1 $17 59. bxc3 Rc8) 59. c4 $1 $11 Rc8 60. b3 (60. Bd3 $1 $11) 60... Kf6 $17 61. Kh5 a4 $1 62. d6 (62. bxa4 $2 Rxc4 63. d6 (63. Kxh6 $2 Rd4 $19) 63... Rd4 $19) ({Not} 62. Kxh6 $2 Rg8 $19) 62... Ke6 63. d7 (63. bxa4 $17 {was worth a try.} Kxd6 64. Bd3) 63... Rd8 $19 64. Bc6 $2 {[#]} (64. Bd5+ Kd6 65. bxa4 Rxd7 66. Be4) 64... axb3 $2 ({Better is} 64... a3 $1 $19 {White must now prevent ...Kd6.} 65. f4 (65. Kxh6 Kd6 $19) 65... Kd6) 65. axb3 $11 Kd6 66. Bb5 $2 (66. Ba4 $1 $11 {and White is okay.}) 66... Kc7 $2 (66... Rf8 $19 {aiming for ...Kc7.} 67. Kh4 Kc7) 67. Kxh6 $2 {[#]} (67. f4 $11 {and White stays safe.}) 67... Rf8 $2 (67... Ra8 $1 $19 {[%cal Ra8a3] ...Ra3 is the strong threat.} 68. c5 Ra5) 68. Kg7 Rxf3 69. Ba4 {Both players deserved the win here. Accuracy: White = 44%, Black = 52%.} 1/2-1/2

[Event "120th Taflfelag Reykjavik-B 2020"]
[Site "Reykjavik"]
[Date "2020.09.17"]
[Round "2.7"]
[White "Ragnarsson, Johann"]
[Black "Mai, Alexander Oliver"]
[Result "0-1"]
[WhiteElo "1952"]
[BlackElo "2055"]
[Annotator "ChessBase"]
[PlyCount "38"]
[EventDate "2020.09.13"]
[EventType "tourn"]
[EventCountry "ISL"]
[TimeControl "40/5400+15:1800+30"]

1. d4 {[%emt 0:00:00]} Nf6 {[%emt 0:00:00]} 2. c4 {[%emt 0:00:00]} g6 {[%emt 0:00:00]} 3. Nc3 {[%emt 0:00:00]} Bg7 {[%emt 0:00:00]} 4. e4 {[%emt 0:00:00]} d6 {[%emt 0:00:00]} 5. f4 {[%emt 0:00:00]} c5 {[%emt 0:00:00]} 6. d5 {[%emt 0:07:24]} O-O {[%emt 0:00:00]} 7. Nf3 {[%emt 0:00:00]} e6 {[%emt 0:00:00]} 8. Be2 {[%emt 0:00:00]} exd5 {[%emt 0:00:00]} 9. cxd5 {[%emt 0:00:00]} Nbd7 {[%emt 0:00:00]} 10. e5 {[%emt 0:04:16]} dxe5 {[%emt 0:01:09]} 11. fxe5 {[%emt 0:04:21]} Ng4 {[%emt 0:00:28]} 12. e6 {[%emt 0:00:15]} Nde5 {[%emt 0:01:37]} 13. exf7+ {[%emt 0:05:03]} Rxf7 {[%emt 0:06:16]} 14. O-O {[%emt 0:00:54]} Nxf3+ {[%emt 0:03:34]} 15. Bxf3 {[%emt 0:06:42]} Bd4+ {[%emt 0:01:08]} 16. Kh1 {[%emt 0:00:00]} Nxh2 {[%emt 0:10:10]} 17. Qe1 {[%emt 0:15:16]} Nxf1 {[%emt 0:06:41]} 18. d6 {[%emt 0:13:57]} Qxd6 {[%emt 0:09:07]} 19. Ne4 {[%emt 0:04:56]} Qh2# {[%emt 0:00:01]} 0-1